01711njm a2200277Ia 450000100060000000300090000600500170001500800410003204000130007304000130008604100130009910000110011210000180012310000380014124500290017925000110020826000110021926000530023030000100028330000290029350000590032250508520038165000570123370000750129070000680136562742IT-RoPAU20220918181139.0131025s9999 xx 000 0 und d aIT-RoPAU cIT-RoPAU aITALIANO aAA.VV. eAutore musica gCodice autore musica SPICS: 12000 aRane supreme (doppio Lp) a1a ed. aLUGANO bPDUc1987 [1a Ed.:1987 - Ed. Lingua Orig.: 1987] aDISCO c79 minuti (Testo: pag.) aMusica leggera. Canzone italiana. Brani di autori vari aCareless Whisper [(Michael George-Ridgeley) (7:00)] - Nessun dolore [(Mogol-Battisti) (5:00)] - Gloria [(René-Misselvia) (3:00)] - Luna lunera [(Fergo T.) (4:00)] - Scrivimi [(Frati-Raimondo) (5:00)] - My Cherie Amour [(Wonder-Moy-Cosby H.) (4:00)] - Sorry Seems To Be the Hardest World [(John Elton-Taupin) (4:00)] - You Make Me Feel Brand New [(Bell T.-Creed L.) (6:00)] - Proprio come sei [(Cerri Samuele-Pani Massimiliano) (5:00)] - Mappamondo [(Alfano-Robbiani) (4:00)] - Per avere te [(Calabrese-Pes) (6:00)] - Mi manchi tu [(Calabrese-Fornaciari)(5:00) - Ma chi è quello lì [(Chierchia) (5:00)] - Serpenti [(Cerri-Pani Massimiliano) (4:00)] - Tu vuoi lei [(Avogadro-Radius) (5:00)] - Tu con me [(Albertelli-Colonello) (4:00)] - Certo su di me [(De Martini-Pani Massimiliano) (5:00) - Legittime curiosità [(Calabrese-Troty) (6:00)] aLEGGERA ITALIAN [DISCHI]eCodice MATERIA SPICS: 9950 aAA.VV.eAutore testo e musicagCodice autore testo/musica SPICS: 12000 aMina (Mazzini A.M.)gCodice interprete SPICS: 10792eInterprete